Bengal (Record no. 16116)

MARC details
000 -LEADER
fixed length control field 00623nam a2200241 a 4500
020 ## - INTERNATIONAL STANDARD BOOK NUMBER
ISBN 8173047
082 00 - DEWEY DECIMAL CLASSIFICATION NUMBER
Classification number 954.14
Author Cutter BAN
100 ## - MAIN ENTRY--AUTHOR NAME
Author name Bandopadhyay, Sekhar
245 ## - TITLE STATEMENT
Title Bengal
Sub title Rethinking History: Essays in Historiography
260 ## - PUBLICATION, DISTRIBUTION, ETC. (IMPRINT)
Place of publication New Delhi
Name of publisher Manohar Pub.
Year of publication 2001
300 ## - PHYSICAL DESCRIPTION
Number of Pages 326p
500 ## - GENERAL NOTE
General note includes index and biblioraphy
505 2# - FORMATTED CONTENTS NOTE
Formatted contents note Notes
650 ## - SUBJECT ADDED ENTRY--TOPICAL TERM
Topical Term Bengal-History
942 ## - ADDED ENTRY ELEMENTS (KOHA)
Koha item type Books
700 1# -
-- Bandopadhyay, Sekhar
Holdings
Collection code Home library Current library Date acquired Cost, normal purchase price Full call number Accession Number Koha item type
  Henry Martyn Institute Library Henry Martyn Institute Library 04/05/2007 650.00 954.14 BAN 020908 Books
                   Copyright © 2026 | Henry Martyn Institute | Hyderabad | TS-500052 | INDIA | Implemented by hmi.edu.in
Hit-Count:

Powered by Koha